Random General Knowlege #1 - Statistics

General Stats
  • This quiz has been taken 341 times
  • The average score is 5 of 15
Answer Stats
Question Answer % Correct
1: What is the largest social media platform in terms of users? Facebook
97%
4: Which country has the largest popluation? China
94%
6: What year did the first Harry Potter book release? 1997
62%
12: Which 1998 Disney movie has the character Mushu in it? Mulan
52%
13: Which toy company went into liquidation in 2017? Toys R Us
47%
9: Who wrote the 'Art of War'? Sun Tzu
28%
3: What is the capital city of Cambodia? Phnom Penh
21%
5: What is the most numerous subspecies of tiger in the world? Indian/Bengal Tiger
13%
11: What was the capital of the Aztec Empire? Tenochtitlan
12%
14: How long is the gestation peroid of an African Bush elephant? 22 Months
8%
10: What year did the Crimean War start? 1853
7%
7: Who was the first Prime Minister of Britain? Sir Robert Walpole
5%
8: What is the British National Dish? Chicken Tika Masala
3%
2: What is the most common species of tree in the UK? English Oak
3%
15: Who is the tallest living man? Sultan Kösen
3%
No matching quizzes found
Score Distribution
Percent of People with Each Score
Percentile by Number Answered
Your Score History
You have not taken this quiz